00729 2200289 4500001002100000005001500021035002000036007000300056040001200059100002100071245003900092250001000131300002200141020001800163041000800181082001200189084001800201090002800219264003600247336002100283337003000304338002300334650001100357850001000368008004100378990002000419INLIS00000000000906620260511092326 a0010-1122000025ta aSBPUPAD aRivaiePengarang1 aPertemuan Tak Terduga /cAA.Rivai aCet.6 a116 hlm. ;c21 cm a979-407-555-8 bind a899.221 a899.221 RIV a a899.221 RIV p L 24 R 17 aJakarta :bBalai Pustaka,c2003 2rdacontentateks 2rdamediaatanpa perantara 2rdacarrieravolume 4acerpen aPUPAD260511 0  a26.072/H/DPK/18